[Event "BEL-chT 1819"]
[Site "Belgium"]
[Date "2018.12.02"]
[Round "5.2"]
[White "De Vos, Nils"]
[Black "Todorov, Todor"]
[Result "0-1"]
[WhiteElo "2263"]
[BlackElo "2460"]
[PlyCount "62"]
[EventDate "2018.09.30"]
[EventType "team-tourn"]
[EventRounds "11"]
[EventCountry "BEL"]
[SourceTitle "CBM 189 Extra"]
[Source "ChessBase"]
[SourceDate "2019.06.03"]
[SourceVersion "1"]
[SourceVersionDate "2019.06.03"]
[SourceQuality "1"]
[WhiteTeam "Brasschaat"]
[BlackTeam "Boitsfort"]
[WhiteTeamCountry "BEL"]
[BlackTeamCountry "BEL"]

1. e4 g6 2. Nc3 Bg7 3. g3 d6 4. Bg2 Nf6 5. Nge2 0-0 6. 0-0 c6 7. d4 e5 8. h3 b5 9. dxe5 dxe5 10. Be3 Qe7 11. Qc1 Nbd7 12. a3 a5 13. Re1 Ba6 14. Kh2 b4 15. Na2 c5 16. g4 h5 17. g5 Ne8 18. Ng3 Nc7 19. h4 Rad8 20. Bf3 Rfe8 21. Rg1 Nf8 22. Nf5 gxf5 23. exf5 Nd5 24. Bxh5 e4 25. f6 Qe5+ 26. Rg3 Bh8 27. Bg4 Bc8 28. Bxc8 Rxc8 29. h5 Ne6 30. Kg1 Rcd8 31. Rb1 Ndf4 0-1

[Event "Montigny le Bretonneux 3rd"]
[Site "Montigny le Bretonneux"]
[Date "2016.10.25"]
[Round "4"]
[White "Guliyev, Namig"]
[Black "Todorov, Todor"]
[Result "1-0"]
[WhiteElo "2579"]
[BlackElo "2472"]
[PlyCount "41"]
[EventDate "2016.10.22"]
[EventType "tourn"]
[EventRounds "9"]
[EventCountry "FRA"]
[EventCategory "4"]
[SourceTitle "CBM 175 Extra"]
[Source "ChessBase"]
[SourceDate "2016.12.12"]
[SourceVersion "1"]
[SourceVersionDate "2016.12.12"]
[SourceQuality "1"]

1. e4 d5 2. exd5 Qxd5 3. Nc3 Qa5 4. d4 Nf6 5. Nf3 Bg4 6. h3 Bxf3 7. Qxf3 c6 8. Bd2 Nbd7 9. g4 e6 10. g5 Nd5 11. Ne4 Qb6 12. 0-0-0 Qxd4 13. c4 Ne5 14. Qe2 Nb6 15. Bc3 Qxc4 16. Qc2 Qxa2 17. Bxe5 Qa1+ 18. Qb1 Qa5 19. Bc3 Qa4 20. Rd4 Qb3 21. Nd2 1-0

[Event "Montigny le Bretonneux 3rd"]
[Site "Montigny le Bretonneux"]
[Date "2016.10.23"]
[Round "2"]
[White "Dimitrov, Atanas Valtchev"]
[Black "Todorov, Todor"]
[Result "1/2-1/2"]
[WhiteElo "2301"]
[BlackElo "2472"]
[PlyCount "29"]
[EventDate "2016.10.22"]
[EventType "tourn"]
[EventRounds "9"]
[EventCountry "FRA"]
[EventCategory "4"]
[SourceTitle "CBM 175 Extra"]
[Source "ChessBase"]
[SourceDate "2016.12.12"]
[SourceVersion "1"]
[SourceVersionDate "2016.12.12"]
[SourceQuality "1"]

1. e4 d6 2. d4 Nf6 3. Bd3 g6 4. Nf3 Bg7 5. 0-0 0-0 6. c3 Bg4 7. Nbd2 e6 8. Re1 c6 9. b3 d5 10. Bb2 Nbd7 11. h3 Bxf3 12. Nxf3 Qc7 13. c4 dxe4 14. Bxe4 Nxe4 15. Rxe4 1/2-1/2

[Event "FRA-chT Top 12"]
[Site "Drancy"]
[Date "2016.06.07"]
[Round "11.5"]
[White "Anic, Darko"]
[Black "Todorov, Todor"]
[Result "1-0"]
[WhiteElo "2381"]
[BlackElo "2494"]
[PlyCount "123"]
[EventDate "2016.05.28"]
[EventType "team-tourn"]
[EventRounds "11"]
[EventCountry "FRA"]
[SourceTitle "CBM 172 Extra"]
[Source "ChessBase"]
[SourceDate "2016.06.21"]
[SourceVersion "1"]
[SourceVersionDate "2016.06.21"]
[SourceQuality "1"]
[WhiteTeam "Chalons en Champagne"]
[BlackTeam "Drancy Cavalier Bleu"]
[WhiteTeamCountry "FRA"]
[BlackTeamCountry "FRA"]

1. Nf3 g6 2. d4 Bg7 3. c4 d6 4. g3 e5 5. Nc3 exd4 6. Nxd4 Ne7 7. e4 Nbc6 8. Be3 0-0 9. Rc1 f5 10. Nxc6 bxc6 11. Bg2 fxe4 12. Bxe4 Bh3 13. Bxc6 Nxc6 14. Qd5+ Kh8 15. Qxc6 Qe7 16. Kd2 Rab8 17. b3 Bg4 18. f4 Bc8 19. Rhe1 Bb7 20. Qa4 Qf7 21. Rc2 Qf5 22. Qxa7 c5 23. Kc1 Qd3 24. Bd2 Qf3 25. Re7 Bf6 26. Re6 Bd4 27. Nb5 Bg7 28. Nxd6 Bc6 29. Nf7+ Kg8 30. Ng5 Qd3 31. Rc3 Qf1+ 32. Re1 Qg2 33. Re7 Bf6 34. Rxh7 Qh1+ 35. Kb2 Bb7 36. Qb6 Bd5 37. Qxc5 Be4 38. Nxe4 Qxe4 39. Rd7 Rfd8 40. Qd5+ Qxd5 41. Rxd5 Rxd5 42. cxd5 Rd8 43. Kc2 Bxc3 44. Bxc3 Rxd5 45. a4 Kf7 46. b4 Ke6 47. g4 Rd7 48. h4 Rh7 49. Be1 Kd5 50. Kd3 Re7 51. Bd2 Rh7 52. a5 Rxh4 53. a6 Kc6 54. Be3 Kb5 55. a7 Rh8 56. Bc5 Kc6 57. Kd4 Kb7 58. Ke5 Rh4 59. g5 Ka8 60. b5 Kb7 61. b6 Ka8 62. Bd6 1-0

[Event "FRA-chT Top 12"]
[Site "Drancy"]
[Date "2016.05.31"]
[Round "4.4"]
[White "Todorov, Todor"]
[Black "Maze, Sebastien"]
[Result "0-1"]
[WhiteElo "2494"]
[BlackElo "2614"]
[PlyCount "88"]
[EventDate "2016.05.28"]
[EventType "team-tourn"]
[EventRounds "11"]
[EventCountry "FRA"]
[SourceTitle "CBM 172 Extra"]
[Source "ChessBase"]
[SourceDate "2016.06.21"]
[SourceVersion "1"]
[SourceVersionDate "2016.06.21"]
[SourceQuality "1"]
[WhiteTeam "Drancy Cavalier Bleu"]
[BlackTeam "Bois Colombes"]
[WhiteTeamCountry "FRA"]
[BlackTeamCountry "FRA"]

1. e4 c5 2. b3 Nc6 3. Bb2 e5 4. f4 exf4 5. Nf3 d6 6. Nc3 Be7 7. Bc4 Bh4+ 8. Nxh4 Qxh4+ 9. Kf1 Nf6 10. Qe1 Qxe1+ 11. Rxe1 Ne5 12. Kf2 a6 13. Rhf1 b5 14. Bd5 Ra7 15. Kg1 g5 16. a4 b4 17. Na2 a5 18. d4 cxd4 19. Bxd4 Rc7 20. Rf2 Nxd5 21. exd5 Re7 22. Rc1 0-0 23. Bb6 Ng4 24. Rf3 Bb7 25. Bxa5 Bxd5 26. Rd3 Bb7 27. h3 Rfe8 28. hxg4 Re2 29. Rf3 h5 30. gxh5 Bxf3 31. gxf3 g4 32. Bxb4 gxf3 33. Kf1 Rh2 34. Re1 Ree2 35. Rxe2 fxe2+ 36. Ke1 f3 37. Kd2 Rh1 38. Ke3 Rf1 39. Bc3 f5 40. Nc1 f4+ 41. Kxf4 f2 42. Nxe2 Rg1 43. Nxg1 fxg1Q 44. Ke4 Qd1 0-1

[Event "FRA-chT Top 12"]
[Site "Drancy"]
[Date "2016.05.30"]
[Round "3.2"]
[White "Leroy, Didier"]
[Black "Todorov, Todor"]
[Result "0-1"]
[WhiteElo "2289"]
[BlackElo "2494"]
[PlyCount "104"]
[EventDate "2016.05.28"]
[EventType "team-tourn"]
[EventRounds "11"]
[EventCountry "FRA"]
[SourceTitle "CBM 172 Extra"]
[Source "ChessBase"]
[SourceDate "2016.06.21"]
[SourceVersion "1"]
[SourceVersionDate "2016.06.21"]
[SourceQuality "1"]
[WhiteTeam "Evry Grand Roque"]
[BlackTeam "Drancy Cavalier Bleu"]
[WhiteTeamCountry "FRA"]
[BlackTeamCountry "FRA"]

1. e4 d5 2. exd5 Qxd5 3. Nc3 Qa5 4. d4 Nf6 5. Bc4 c6 6. Bd2 Qc7 7. Nf3 Bg4 8. h3 Bxf3 9. Qxf3 e6 10. 0-0-0 Nbd7 11. g4 Nb6 12. Bb3 a5 13. a3 a4 14. Ba2 Nbd5 15. Rhe1 Nxc3 16. Qxc3 Bd6 17. g5 Nd5 18. Qf3 Ne7 19. c4 Ng6 20. Re4 c5 21. d5 e5 22. Bb1 Qd7 23. h4 0-0-0 24. Rde1 Nf4 25. Bc2 h6 26. Qd1 Qh3 27. Bxf4 exf4 28. Rh1 Qg2 29. f3 Rde8 30. gxh6 gxh6 31. Rxe8+ Rxe8 32. Rg1 Qf2 33. Rf1 Qxh4 34. Be4 Qh3 35. Rh1 Qg2 36. Rg1 Qf2 37. Rf1 Qe3+ 38. Kb1 Kb8 39. Qxa4 Rxe4 40. fxe4 Qd3+ 41. Ka2 Qxf1 42. e5 Bxe5 43. Qe8+ Ka7 44. Qa4+ Kb6 45. Qb5+ Kc7 46. Qxc5+ Kd7 47. Qb4 Qe2 48. Qxb7+ Ke8 49. Qc6+ Ke7 50. Qb7+ Kf6 51. Qa6+ Kg7 52. Kb3 f3 0-1

[Event "Paris-ch op-FIDE 89th"]
[Site "Paris"]
[Date "2014.07.10"]
[Round "6"]
[White "Todorov, Todor"]
[Black "Basso, Pier Luigi"]
[Result "1-0"]
[WhiteElo "2474"]
[BlackElo "2302"]
[PlyCount "92"]
[EventDate "2014.07.05"]
[EventType "swiss"]
[EventRounds "9"]
[EventCountry "FRA"]
[SourceTitle "CBM 161 Extra"]
[Source "ChessBase"]
[SourceDate "2014.08.29"]
[SourceVersion "1"]
[SourceVersionDate "2014.08.29"]
[SourceQuality "1"]

1. e4 c5 2. Nf3 d6 3. Bb5+ Nd7 4. 0-0 a6 5. Bxd7+ Bxd7 6. Re1 e5 7. c3 Nf6 8. d4 Qc7 9. dxe5 dxe5 10. Bg5 Be7 11. c4 Be6 12. Qa4+ b5 13. cxb5 0-0 14. bxa6 Rfb8 15. Qc2 Rxa6 16. Bxf6 Bxf6 17. Nbd2 Qa7 18. b3 Be7 19. Nc4 Bxc4 20. bxc4 Ra8 21. h3 Bf6 22. Reb1 h6 23. Rb5 Ra3 24. Qb2 Ra4 25. Qc2 Ra3 26. Qd1 Rd8 27. Qe2 Ra4 28. Rb2 Qa6 29. Rc1 Ra8 30. Rcc2 Qe6 31. Kh2 Qa6 32. g3 Qe6 33. Kg2 g6 34. h4 h5 35. Nd2 Kg7 36. Nf1 Rd8 37. Ne3 Rd4 38. Nd5 Bd8 39. Rb5 Ra3 40. Rb3 Rxb3 41. axb3 g5 42. Qxh5 Rxe4 43. hxg5 Re1 44. Rd2 Qg6 45. Qxg6+ Kxg6 46. f4 Kg7 1-0

[Event "Paris-ch op-FIDE 89th"]
[Site "Paris"]
[Date "2014.07.09"]
[Round "5"]
[White "Todorov, Todor"]
[Black "Philippe, Christophe"]
[Result "1-0"]
[WhiteElo "2474"]
[BlackElo "2393"]
[PlyCount "117"]
[EventDate "2014.07.05"]
[EventType "swiss"]
[EventRounds "9"]
[EventCountry "FRA"]
[SourceTitle "CBM 161 Extra"]
[Source "ChessBase"]
[SourceDate "2014.08.29"]
[SourceVersion "1"]
[SourceVersionDate "2014.08.29"]
[SourceQuality "1"]

1. e4 c5 2. b3 d6 3. Bb2 Nf6 4. Nc3 Nc6 5. f4 g6 6. Bb5 Bd7 7. Nd5 Bg7 8. Nxf6+ exf6 9. Ne2 0-0 10. Ng3 f5 11. Bxg7 Kxg7 12. 0-0 fxe4 13. Nxe4 Nd4 14. Bxd7 Qxd7 15. c3 Rae8 16. Ng3 Nc6 17. f5 f6 18. d4 cxd4 19. cxd4 d5 20. Qg4 Kh8 21. h4 Rg8 22. Rae1 Rxe1 23. Rxe1 gxf5 24. Qf4 Qg7 25. Re3 a5 26. Kh2 Qg6 27. Qxf5 Nxd4 28. Qxd5 Qg4 29. Qh5 Qf4 30. Rd3 Nc6 31. Rf3 Qe5 32. Qh6 Nb4 33. Qxf6+ Qxf6 34. Rxf6 Nxa2 35. Rb6 Rg4 36. Nf5 Rb4 37. Rf6 Kg8 38. h5 Nc3 39. h6 Re4 40. Nd6 Re7 41. Nc4 a4 42. Rf3 Ne2 43. bxa4 Re4 44. Nd6 Rxa4 45. g3 Ra6 46. Nf5 Re6 47. g4 b5 48. Rd3 b4 49. Rd8+ Kf7 50. Rd7+ Kf6 51. Rxh7 Nf4 52. Rg7 Re8 53. Rb7 Kg5 54. Kg3 Ne2+ 55. Kf2 Kxg4 56. Nd6 Re6 57. h7 Rh6 58. Kxe2 b3 59. Nf7 1-0

[Event "Paris-ch op-FIDE 89th"]
[Site "Paris"]
[Date "2014.07.08"]
[Round "4"]
[White "Rusev, Rosen Yordanov"]
[Black "Todorov, Todor"]
[Result "1-0"]
[WhiteElo "2337"]
[BlackElo "2474"]
[PlyCount "51"]
[EventDate "2014.07.05"]
[EventType "swiss"]
[EventRounds "9"]
[EventCountry "FRA"]
[SourceTitle "CBM 161 Extra"]
[Source "ChessBase"]
[SourceDate "2014.08.29"]
[SourceVersion "1"]
[SourceVersionDate "2014.08.29"]
[SourceQuality "1"]

1. d4 d6 2. Nf3 Bg4 3. g3 Bxf3 4. exf3 e6 5. f4 Nf6 6. Nd2 Be7 7. Nf3 d5 8. Bd3 g6 9. 0-0 0-0 10. c3 c5 11. dxc5 Bxc5 12. b4 Bb6 13. Bb2 Nc6 14. a3 Rc8 15. Qe2 a5 16. b5 Ne7 17. c4 d4 18. Rfd1 Re8 19. Rac1 Bc5 20. Be4 Nxe4 21. Qxe4 Nf5 22. Nxd4 Qb6 23. Qe5 Nxd4 24. Rxd4 f6 25. Qxf6 Rf8 26. Rd8 1-0

[Event "Paris-ch op-FIDE 89th"]
[Site "Paris"]
[Date "2014.07.07"]
[Round "3"]
[White "Tregubov, Pavel V"]
[Black "Todorov, Todor"]
[Result "1-0"]
[WhiteElo "2601"]
[BlackElo "2474"]
[PlyCount "105"]
[EventDate "2014.07.05"]
[EventType "swiss"]
[EventRounds "9"]
[EventCountry "FRA"]
[SourceTitle "CBM 161 Extra"]
[Source "ChessBase"]
[SourceDate "2014.08.29"]
[SourceVersion "1"]
[SourceVersionDate "2014.08.29"]
[SourceQuality "1"]

1. d4 d6 2. Nf3 Bg4 3. g3 Bxf3 4. exf3 e6 5. f4 Ne7 6. Nd2 g6 7. Nf3 Bg7 8. Bd3 d5 9. c3 Nd7 10. 0-0 c5 11. dxc5 Nxc5 12. Bb5+ Nc6 13. Be3 Nd7 14. c4 a6 15. cxd5 axb5 16. dxc6 bxc6 17. Qd6 Nb8 18. Qxd8+ Kxd8 19. Rfd1+ Kc7 20. Rd2 h6 21. a3 Nd7 22. Rc1 Rhc8 23. Bd4 Bf8 24. Ne5 Nxe5 25. Bxe5+ Kb6 26. Rd7 f5 27. Rf7 g5 28. Bd4+ Ka5 29. fxg5 hxg5 30. Re1 Re8 31. h3 Ka4 32. Bf6 Kb3 33. Rd7 e5 34. Rxe5 Rxe5 35. Bxe5 Re8 36. f4 gxf4 37. gxf4 Bc5+ 38. Kg2 Rg8+ 39. Kf3 b4 40. axb4 Bxb4 41. Rf7 Be1 42. Rxf5 Rg3+ 43. Ke2 Bb4 44. h4 Rh3 45. h5 Kc4 46. Bg7 Bc5 47. h6 Bd4 48. b3+ Rxb3 49. Rh5 Re3+ 50. Kf1 Re8 51. f5 Kd5 52. f6+ Ke6 53. h7 1-0

[Event "BEL-chT 1314"]
[Site "Belgium"]
[Date "2014.02.23"]
[Round "10.3"]
[White "Todorov, Todor"]
[Black "Balog, Imre1111"]
[Result "0-1"]
[WhiteElo "2480"]
[BlackElo "2526"]
[PlyCount "90"]
[EventDate "2013.09.22"]
[EventType "team-tourn"]
[EventRounds "11"]
[EventCountry "BEL"]
[SourceTitle "EXT 2015"]
[Source "ChessBase"]
[SourceDate "2014.11.20"]
[SourceVersion "1"]
[SourceVersionDate "2014.11.20"]
[SourceQuality "1"]
[WhiteTeam "Fontaine"]
[BlackTeam "Eynatten"]
[WhiteTeamCountry "BEL"]
[BlackTeamCountry "BEL"]

1. e4 e6 2. d4 d5 3. exd5 exd5 4. Bd3 Nf6 5. h3 Be7 6. c3 0-0 7. Bf4 c5 8. Nf3 Qb6 9. b3 cxd4 10. Nxd4 Nc6 11. 0-0 Nxd4 12. cxd4 Bd7 13. Nc3 Rac8 14. Na4 Qa5 15. Nc5 Bxc5 16. dxc5 Qxc5 17. Be5 Rc6 18. Bb2 h6 19. Re1 Re8 20. Qd2 Rce6 21. Rxe6 Rxe6 22. Bd4 Qd6 23. Qa5 Ne4 24. Qxa7 Rg6 25. Kh1 Qf4 26. Be3 Qh4 27. Qb8+ Kh7 28. Kh2 f5 29. Qe5 Nxf2 30. Bxf2 Qxf2 31. Bf1 d4 32. Qe1 Qe3 33. Qxe3 dxe3 34. Re1 Re6 35. Bd3 Re7 36. g4 Kg6 37. Kg3 Kg5 38. gxf5 Bxf5 39. Bxf5 Kxf5 40. Kf3 e2 41. a4 Re4 42. a5 Ke5 43. b4 Kd4 44. b5 Kd3 45. Kf2 Rf4+ 0-1

[Event "Montigny le Bretonneux Dames Noire 1st"]
[Site "Montigny le Bretonneux"]
[Date "2013.10.20"]
[Round "2"]
[White "Todorov, Todor"]
[Black "Dionisi, Thomas"]
[Result "1-0"]
[WhiteElo "2480"]
[BlackElo "2323"]
[PlyCount "79"]
[EventDate "2013.10.19"]
[EventType "tourn"]
[EventRounds "9"]
[EventCountry "FRA"]
[EventCategory "4"]
[SourceTitle "EXT 2014"]
[Source "ChessBase"]
[SourceDate "2013.11.20"]
[SourceVersion "1"]
[SourceVersionDate "2013.11.20"]
[SourceQuality "1"]

1. e4 c5 2. Nf3 Nc6 3. Bb5 f5 4. exf5 Nh6 5. d4 Nxf5 6. dxc5 e6 7. Bd3 g6 8. Ng5 Bxc5 9. Bxf5 exf5 10. 0-0 Be7 11. Re1 0-0 12. Qd5+ Kg7 13. h4 Bf6 14. Nc3 Nd4 15. Bf4 Nxc2 16. Nb5 Nxe1 17. Rxe1 d6 18. Rc1 Bxg5 19. Bxg5 Qe8 20. Nc7 Qe5 21. Qxe5+ dxe5 22. Nxa8 Be6 23. Nc7 Bxa2 24. Nb5 a6 25. Rc7+ Rf7 26. Rxf7+ Bxf7 27. Nd6 Bd5 28. g3 Bc6 29. Kf1 b5 30. Ke2 h6 31. Bd8 f4 32. Kd3 Bd5 33. b4 fxg3 34. fxg3 Bc6 35. Ne4 Kf7 36. Nc5 Bg2 37. Ke3 Bc6 38. g4 h5 39. g5 Bg2 40. Bf6 1-0

[Event "Juvisy sur Orge"]
[Site "Juvisy sur Orge"]
[Date "2013.03.29"]
[Round "6"]
[White "Todorov, Todor"]
[Black "Marechal, Andy"]
[Result "1/2-1/2"]
[WhiteElo "2489"]
[BlackElo "2358"]
[PlyCount "59"]
[EventDate "2013.03.24"]
[EventType "tourn"]
[EventRounds "9"]
[EventCountry "FRA"]
[EventCategory "5"]
[SourceTitle "CBM 153 Extra"]
[Source "ChessBase"]
[SourceDate "2013.04.22"]
[SourceVersion "1"]
[SourceVersionDate "2013.04.22"]
[SourceQuality "1"]

1. e4 e6 2. d4 d5 3. exd5 exd5 4. Bd3 Nc6 5. c3 Bd6 6. Qf3 Be6 7. Bf4 Bxf4 8. Qxf4 Qd7 9. Ne2 Nge7 10. Nd2 Bf5 11. Bxf5 Nxf5 12. Ng3 Nxg3 13. hxg3 0-0-0 14. 0-0-0 Rde8 15. Rde1 h6 16. Nf3 f6 17. g4 Na5 18. Qf5 Nc4 19. Nh4 Nd6 20. Qxd7+ Kxd7 21. Nf5 Rxe1+ 22. Rxe1 Re8 23. Rxe8 Nxe8 24. Kd2 Ke6 25. Ng3 Nd6 26. Nh5 g5 27. Ng7+ Kf7 28. Nf5 Nxf5 29. gxf5 h5 30. Ke3 1/2-1/2

[Event "BEL-chT 1213"]
[Site "Belgium"]
[Date "2013.03.03"]
[Round "10.1"]
[White "Todorov, Todor"]
[Black "Rozentalis, Eduardas"]
[Result "1/2-1/2"]
[WhiteElo "2478"]
[BlackElo "2570"]
[PlyCount "78"]
[EventDate "2012.09.23"]
[EventType "team-tourn"]
[EventRounds "11"]
[EventCountry "BEL"]
[SourceTitle "EXT 2014"]
[Source "ChessBase"]
[SourceDate "2013.11.20"]
[SourceVersion "1"]
[SourceVersionDate "2013.11.20"]
[SourceQuality "1"]
[WhiteTeam "Fontaine"]
[BlackTeam "KGSRL"]
[WhiteTeamCountry "BEL"]
[BlackTeamCountry "BEL"]

1. e4 Nf6 2. e5 Nd5 3. d4 d6 4. c4 Nb6 5. exd6 cxd6 6. Nc3 g6 7. a4 Bg7 8. a5 N6d7 9. Ra3 0-0 10. Nf3 e5 11. Be2 Nc6 12. d5 Nd4 13. Nxd4 exd4 14. Nb5 Qh4 15. 0-0 Nc5 16. g3 Qf6 17. b4 d3 18. bxc5 dxe2 19. Qxe2 dxc5 20. Nc7 Rb8 21. Ne8 Qe5 22. Re3 Rxe8 23. Rxe5 Rxe5 24. Qd1 Re4 25. Bf4 Ra8 26. Qc2 Bf5 27. Qb3 b6 28. Qb5 h5 29. h4 Re2 30. Bc7 Rd2 31. d6 Be5 32. Re1 Bd4 33. Rf1 Be5 34. Qc6 Rc8 35. axb6 axb6 36. Qxb6 Bd7 37. Qxc5 Bxd6 38. Qe3 Bb4 39. Rb1 Bc6 1/2-1/2

[Event "BEL-chT 1112"]
[Site "Belgium"]
[Date "2011.12.04"]
[Round "5.1"]
[White "Todorov, Todor"]
[Black "Zaragatski, Ilja"]
[Result "1/2-1/2"]
[WhiteElo "2486"]
[BlackElo "2474"]
[PlyCount "76"]
[EventDate "2011.10.09"]
[EventType "team-tourn"]
[EventRounds "11"]
[EventCountry "BEL"]
[SourceTitle "EXT 2013"]
[Source "ChessBase"]
[SourceDate "2012.11.22"]
[SourceVersion "1"]
[SourceVersionDate "2012.11.22"]
[SourceQuality "1"]
[WhiteTeam "Fontaine"]
[BlackTeam "Amay"]
[WhiteTeamCountry "BEL"]
[BlackTeamCountry "BEL"]

1. e4 e6 2. d4 d5 3. exd5 exd5 4. Bd3 Bd6 5. Qf3 c6 6. Ne2 Qf6 7. Bf4 Bxf4 8. Qxf4 Qxf4 9. Nxf4 Ne7 10. Nc3 Nd7 11. Kd2 Nf6 12. Rae1 g5 13. Nfe2 Ng6 14. f4 g4 15. g3 Kf8 16. h3 gxh3 17. f5 Ne7 18. Ref1 Rg8 19. Rxh3 Rg5 20. Rh4 b6 21. b4 Bd7 22. Nd1 a5 23. a3 axb4 24. axb4 Nc8 25. Rhf4 Nd6 26. Ndc3 b5 27. Rh1 Kg7 28. Rhf1 Re8 29. Kc1 h5 30. R4f3 Kh6 31. Rf4 Nfe4 32. Bxe4 dxe4 33. d5 cxd5 34. Nxd5 Bxf5 35. Ne3 Bg6 36. Rf6 Nc4 37. Nxc4 bxc4 38. Rc6 Kg7 1/2-1/2

[Event "BEL-chT 1112"]
[Site "Belgium"]
[Date "2011.11.20"]
[Round "4.1"]
[White "Leenhouts, Koen"]
[Black "Todorov, Todor"]
[Result "1/2-1/2"]
[WhiteElo "2387"]
[BlackElo "2486"]
[PlyCount "92"]
[EventDate "2011.10.09"]
[EventType "team-tourn"]
[EventRounds "11"]
[EventCountry "BEL"]
[SourceTitle "EXT 2012"]
[Source "ChessBase"]
[SourceDate "2011.11.24"]
[SourceVersion "1"]
[SourceVersionDate "2011.11.24"]
[SourceQuality "1"]
[WhiteTeam "Bruges"]
[BlackTeam "Fontaine"]
[WhiteTeamCountry "BEL"]
[BlackTeamCountry "BEL"]

1. e4 c5 2. Nf3 Nc6 3. Bb5 Nf6 4. Nc3 g6 5. e5 Ng4 6. Bxc6 dxc6 7. Qe2 Nh6 8. h3 Nf5 9. 0-0 Nd4 10. Nxd4 cxd4 11. Ne4 Qd5 12. f4 d3 13. Qxd3 Qxd3 14. cxd3 b6 15. b3 Ba6 16. Rf3 Rd8 17. Bb2 Bg7 18. d4 0-0 19. a4 Bc8 20. a5 f5 21. Nf2 Be6 22. axb6 axb6 23. Ra6 Kf7 24. b4 Rb8 25. Rc3 Bd5 26. Nd1 Bh6 27. g3 g5 28. Ne3 Ke6 29. b5 Rfc8 30. bxc6 gxf4 31. Nxd5 Kxd5 32. Ra7 Ra8 33. Rd7+ Ke4 34. Bc1 fxg3 35. Rxg3 f4 36. Rc3 b5 37. Kf2 b4 38. Rc5 Bg5 39. c7 Bh4+ 40. Kf1 b3 41. d5 Ra1 42. Rc4+ Kf3 43. Rc3+ Ke4 44. Rc4+ Kf3 45. Rc3+ Ke4 46. Rc4+ Kf3 1/2-1/2

[Event "Ischia op 3rd"]
[Site "Ischia "]
[Date "2011.08.02"]
[Round "8"]
[White "Dervishi, Erald"]
[Black "Todorov, Todor"]
[Result "1-0"]
[WhiteElo "2543"]
[BlackElo "2497"]
[PlyCount "75"]
[EventDate "2011.07.26"]
[EventType "swiss"]
[EventRounds "9"]
[EventCountry "ITA"]
[SourceTitle "EXT 2014"]
[Source "ChessBase"]
[SourceDate "2013.11.20"]
[SourceVersion "1"]
[SourceVersionDate "2013.11.20"]
[SourceQuality "1"]

1. e4 e5 2. Nf3 Nc6 3. Bb5 Nge7 4. 0-0 g6 5. d4 exd4 6. Nxd4 Bg7 7. Be3 0-0 8. Nc3 d5 9. exd5 Nxd5 10. Nxd5 Qxd5 11. c4 Qe4 12. Bxc6 bxc6 13. Qb1 Qh4 14. Rd1 c5 15. Nb3 Qxc4 16. Bxc5 Re8 17. Bd4 Bh6 18. Re1 Bf5 19. Qd1 a5 20. Bc3 a4 21. Nd4 Bd7 22. a3 Rxe1+ 23. Qxe1 Re8 24. Qd1 Bc8 25. Nf3 Be6 26. h3 Qe4 27. Nd2 Qc6 28. Nf1 Qc4 29. Qf3 Bg5 30. Ne3 Qf4 31. Qc6 Rd8 32. Re1 Be7 33. g3 Qd6 34. Qxa4 Bd7 35. Qc4 Bxh3 36. Rd1 Qb6 37. Nd5 Qe6 38. Qd4 1-0

[Event "BUL-chT2"]
[Site "Albena"]
[Date "2011.06.08"]
[Round "9.1"]
[White "Krastanov, Georgi"]
[Black "Todorov, Todor"]
[Result "0-1"]
[WhiteElo "2131"]
[BlackElo "2175"]
[PlyCount "96"]
[EventDate "2011.06.02"]
[EventType "team-tourn"]
[EventRounds "9"]
[EventCountry "BUL"]
[SourceTitle "CBM 142 Extra"]
[Source "ChessBase"]
[SourceDate "2011.06.27"]
[SourceVersion "1"]
[SourceVersionDate "2011.06.27"]
[SourceQuality "1"]
[WhiteTeam "Sofia Slavia"]
[BlackTeam "Silistra"]
[WhiteTeamCountry "BUL"]
[BlackTeamCountry "BUL"]

1. d4 d5 2. Nf3 Nf6 3. c4 e6 4. g3 b6 5. Bg2 Bb7 6. Ne5 c6 7. Nc3 Nbd7 8. Nxd7 Qxd7 9. Qb3 Be7 10. 0-0 0-0 11. Rd1 Rfd8 12. Bf4 Bd6 13. Bxd6 Qxd6 14. e4 dxe4 15. Nxe4 Qe7 16. Qc2 Rd7 17. Rd2 Rad8 18. Rad1 Nxe4 19. Bxe4 g6 20. Qc3 Qg5 21. f4 Qe7 22. b4 c5 23. Bxb7 cxb4 24. Qe3 Rxb7 25. Qe5 a5 26. h4 Qc7 27. Qf6 Qe7 28. Qe5 h5 29. Rg2 f6 30. Qe4 Kf7 31. Qf3 f5 32. Re2 Rbd7 33. Qe3 Re8 34. Qe5 Qf6 35. d5 Qxe5 36. fxe5 Rc8 37. Rd4 Rc5 38. Kf2 Ke7 39. d6+ Kd8 40. Kf3 Rb7 41. Kf4 b5 42. cxb5 Rbxb5 43. Rd3 Rc4+ 44. Kg5 Kd7 45. Kxg6 Rg4+ 46. Kf7 Rc5 47. a3 Rc8 48. axb4 Rgg8 0-1

[Event "BUL-chT2"]
[Site "Albena"]
[Date "2011.06.03"]
[Round "2.1"]
[White "Asparuhov, Parvan"]
[Black "Todorov, Todor"]
[Result "1-0"]
[WhiteElo "2077"]
[BlackElo "2175"]
[PlyCount "76"]
[EventDate "2011.06.02"]
[EventType "team-tourn"]
[EventRounds "9"]
[EventCountry "BUL"]
[SourceTitle "CBM 142 Extra"]
[Source "ChessBase"]
[SourceDate "2011.06.27"]
[SourceVersion "1"]
[SourceVersionDate "2011.06.27"]
[SourceQuality "1"]
[WhiteTeam "Pernik Yuriy Benderev"]
[BlackTeam "Silistra"]
[WhiteTeamCountry "BUL"]
[BlackTeamCountry "BUL"]

1. e4 e5 2. Nf3 Nf6 3. Nxe5 Qe7 4. Nf3 Qxe4+ 5. Be2 d5 6. 0-0 Be6 7. Ng5 Qd4 8. c3 Qb6 9. Nxe6 fxe6 10. d4 Nbd7 11. Re1 0-0-0 12. Bf3 Bd6 13. g3 Rde8 14. b3 c5 15. Be3 h5 16. h4 Qc7 17. Kg2 g6 18. Na3 a6 19. Nc2 Rhf8 20. Qd3 e5 21. Qd2 cxd4 22. cxd4 e4 23. Be2 Ng4 24. Rec1 Kb8 25. Nb4 Nxe3+ 26. fxe3 Bxb4 27. Qxb4 Qb6 28. Qxb6 Nxb6 29. Rf1 Rxf1 30. Rxf1 Re6 31. g4 hxg4 32. Bxg4 Rc6 33. Kg3 a5 34. Bd1 Nd7 35. Kg4 Kc7 36. Kg5 Kd6 37. Kxg6 Ke7+ 38. Kg5 Nf8 1-0